00721nam a22001937a 450000500170000001000150001702000260003203500130005803700130007110000190008424500940010326000310019727000830022830000270031149000260033894200170036499900170038195201290039820140922150206.0 aENG-110883 a9789351431503c495.00 aEN-94415 bDBAD/PUB aVenkatesan, V. aConstitutional conundrums :cby V. Venkatesanbchallenges to India's democratic process / aGurgaonbLexis Nexisc2014 a14th Floor, Building No.10, Tower-B, DLF Cyber City, Phase-IIbGurgaone122002 axxix,419p. c23cm(pbk) aCross currents series 2ddccENmVEN c88715d88715 001040718NFICaDBADbDBADd2014-09-17eDBAD/PUBg495.00l0oVENpEN-94415r2014-09-17 00:00:00t1v495.00w2014-09-17yEN